| 000 | 01516nam a22002057a 4500 | ||
|---|---|---|---|
| 008 | 241101s2024 xxk|||||o|||| 00| 0 eng d | ||
| 041 | _aeng | ||
| 110 | _aRoyal Institution of Chartered Surveyors | ||
| 245 |
_aGlobal Commercial Property Monitor _bQ2 2024 _h[Electronic resource] |
||
| 260 |
_aLondon, _bRoyal Institution of Chartered Surveyors, _cJuly 2024 |
||
| 490 |
_aRICS Global Commercial Property Monitor _vQ2 2024 |
||
| 520 | _aThe headline RICS Global Commercial Property Sentiment Index (CPSI) for Q2 2024 was broadly unchanged from the first three months of the year at -11. Unsurprisingly, a similar picture is also evident in the underlying components of this series, with both elements remaining close to the Q1 readings; the Occupier Sentiment Index slipped very slightly from -8 to -10 while the Investment Sentiment Index edged up from -13 to -11. Although the gain in the latter was very marginal, it is worth noting (for the record) that it is now at its best level in two years (albeit still stuck in negative territory). | ||
| 650 | _aCOMMERCIAL PROPERTY | ||
| 651 | _aInternational | ||
| 690 |
_96227 _aCommercial property |
||
| 710 | _aRoyal Institution of Chartered Surveyors | ||
| 856 |
_uhttps://www.rics.org/content/dam/ricsglobal/documents/market-surveys/RICS-Q2-2024-GCPM-Full-report.pdf _zAvailable on RICS.org |
||
| 856 |
_uhttps://www.rics.org/profession-standards/knowledge-and-information-services _zIf archived please email [email protected] |
||
| 942 | _n0 | ||
| 999 |
_c122049 _d122049 |
||